00750 2200229 4500001002100000005001700021008004100038020001800079035002500097082001200122090002200134100003100156245011900187250001100306260004000317300003100357504003000388650002000418700003800438990002200476999002200498YOGYA-0213000000082920150413103953.0 ind  a602-8995-21-5 a0010-021300000000829 a615.852 aDEP 615.852 Dai L aDAIM AL-KAHEEL, Abd ; 1966 aLantunan Qur an untuk penyembuhan / Abd, Daim Al-Kaheel ; penerjemeh, Kaserun As. Rahman ; editor, Elis Widayanti. aCet. 1 aYogyakartabPustaka Pesantrenc2012 a222 hlm. :bilus. ;c21 cm aBibliografi : hlm 219-222 aTerapi keagaman aKaserun As Rahman, elis Widayanti aCB-D.11-2012-1092 aCB-D.11-2012-1091